Оборудование для бурения обсадными трубами; Нефтегазовые технологии; № 5

Sonraí bibleagrafaíochta
Parent link:Нефтегазовые технологии: научно-технический журнал/ World Oil ; Pipe Line Industry ; Gulf Publishing Company.— , 1994-.— 0202-4578
№ 5.— 2003.— С. 33-34
Príomhchruthaitheoir: Прунер А.
Rannpháirtithe: Моцохейн Б. (переводчик)
Teanga:Rúisis
Foilsithe / Cruthaithe: 2003
Sraith:Нефть мира
Ábhair:
Formáid: Caibidil leabhair
KOHA link:https://koha.lib.tpu.ru/cgi-bin/koha/opac-detail.pl?biblionumber=388649

MARC

LEADER 00000naa2a2200000 4500
001 388649
005 20231101063753.0
035 |a (RuTPU)RU\TPU\prd\19979 
090 |a 388649 
100 |a 20031125a2003 k y0rusy50 ca 
101 0 |a rus 
102 |a RU 
200 1 |a Оборудование для бурения обсадными трубами  |f А. Прунер  |g Пер. Б. Моцохейн 
225 1 |a Нефть мира 
461 1 |0 (RuTPU)RU\TPU\prd\1175  |x 0202-4578  |t Нефтегазовые технологии  |o научно-технический журнал  |f World Oil ; Pipe Line Industry ; Gulf Publishing Company  |d 1994- 
463 1 |0 (RuTPU)RU\TPU\prd\19233  |t № 5  |v С. 33-34  |d 2003 
610 1 |a обсадные трубы 
610 1 |a бурение 
610 1 |a оборудование 
700 1 |a Прунер  |b А. 
702 1 |a Моцохейн  |b Б.  |4 730 
801 1 |a RU  |b 63413507  |c 20031125  |g PSBO 
801 2 |a RU  |b 63413507  |c 20120113  |g RCR 
942 |c BK